000
00293nam a2200121Ia 4500
005
20251222144751.0
008
251222s9999||||xx |||||||||||||| ||spa||
082
_a
027.006/B42
100
_a
Benavente Zavala, MartÃn
245
0
_a
Para avanzar...
264
_b
Fondo Pro Archivo
942
_c
LIB
999
_c
19347
_d
19347